000 00884nam a2200205 a 4500
005 20160123141036.0
008 140312s1998 ck fr|||| 10| 0 spa d
040 _aCO-BoIAVH
_cCO-BoIAVH
041 0 _aspa
044 _ack
082 0 4 _a307.12
_bS47s
111 2 _aSeminario Ordenamiento y Desarrollo Territorial: memorias
_cTunja
_dMayo 7-9, 1998
245 1 0 _aSeminario Ordenamiento y desarrollo territorial :
_bmemorias /
_cUniversidad Pedagógica y Tecnológica de Colombia, Instituto de Investigaciones y Formación Avanzada
260 _aTunja :
_bUniversidad Pedagógica y Tecnológica de Colombia :
_bInstituto de Investigaciones y Formación Avanzada,
_c1998.
300 _a108 páginas ;
_c27 x 21 cm.
650 6 _aOrdenamiento territorial
650 6 _aEsquemas de ordenamiento territorial
662 _aColombia
_bBoyaca
_dTunja
942 _cLIBRO
_2ddc
999 _c3758
_d3758